[Event "4NCL Division 3 North"]
[Site "Bolton, ENG"]
[Date "2019.05.05"]
[Round "10.52"]
[White "Reed, John"]
[Black "Sakic, Lorand"]
[Result "0-1"]
[WhiteElo "1990"]
[BlackElo "1999"]
[PlyCount "156"]
[EventDate "2019.05.05"]
[WhiteTeam "Manchester Manticores 3"]
[BlackTeam "Bolton & Worsley"]

1. d4 Nf6 2. c4 g6 3. Nc3 d5 4. e3 Bg7 5. Nf3 O-O 6. cxd5 Nxd5 7. Bc4 Nb6 8.
Bb3 Bg4 9. h3 Bxf3 10. Qxf3 Nc6 11. O-O e5 12. d5 Na5 13. e4 Nxb3 14. axb3 a6
15. Be3 Qd6 16. Na4 Nd7 17. Rac1 Rfc8 18. Rc2 b5 19. Nc5 c6 20. Nb7 Qc7 21.
dxc6 Nb8 22. b4 Nxc6 23. Na5 Qd7 24. Nxc6 Rxc6 25. Rd1 Rd6 26. Rxd6 Qxd6 27.
Bc5 Qd7 28. Qe2 Rd8 29. Be3 Bf8 30. Rd2 Qc7 31. Rxd8 Qxd8 32. Bc5 Qd7 33. Qe3
Qd1+ 34. Kh2 Qc2 35. Qa3 Qxe4 36. Qxa6 Bxc5 37. bxc5 Qf4+ 38. Kh1 Qc1+ 39. Kh2
Qxc5 40. Qb7 Kg7 41. Qb8 b4 42. f3 Qd4 43. b3 h5 44. Qb5 g5 45. Qe2 Kg6 46.
Qc2+ Kf6 47. Qh7 Qf4+ 48. Kh1 h4 49. Qh6+ Ke7 50. Qc6 Qd4 51. Qc7+ Kf6 52. Qc6+
Kf5 53. Qc8+ Kf4 54. Qg4+ Ke3 55. Qxg5+ Kd3 56. Qf5+ Kc3 57. Qxf7 Qd1+ 58. Kh2
Qxb3 59. Qc7+ Qc4 60. Qxe5+ Qd4 61. Qe1+ Kc2 62. Qe2+ Qd2 63. Qe4+ Kc1 64. Qc4+
Qc3 65. Qf1+ Kd2 66. Qf2+ Kd3 67. Qf1+ Ke3 68. f4 b3 69. Qf3+ Kd4 70. Qd1+ Qd3
71. Qa1+ Kc4 72. Qa6+ Kc3 73. Qc6+ Kd2 74. Qb6 Kc2 75. Qc5+ Qc3 76. Qf2+ Qd2
77. Qc5+ Kd1 78. Qe5 b2 0-1

[Event "4NCL Division 3 North"]
[Site "Bolton, ENG"]
[Date "2019.05.05"]
[Round "10.53"]
[White "Doherty, Paul"]
[Black "Webster, Richard J"]
[Result "0-1"]
[WhiteElo "1787"]
[BlackElo "1997"]
[PlyCount "114"]
[EventDate "2019.05.05"]
[WhiteTeam "Bolton & Worsley"]
[BlackTeam "Manchester Manticores 3"]

1. e4 e6 2. a3 c5 3. b4 cxb4 4. axb4 Bxb4 5. c3 Be7 6. d4 d6 7. Bd3 e5 8. Ne2
Nf6 9. O-O O-O 10. h3 Nc6 11. f4 Re8 12. f5 d5 13. Nd2 exd4 14. Nxd4 Nxd4 15.
e5 Nc6 16. exf6 Bxf6 17. Qb3 Qe7 18. Nf3 Qc5+ 19. Kh1 Qxc3 20. Qxc3 Bxc3 21.
Rb1 a6 22. Bb2 Bxb2 23. Rxb2 b5 24. Rc1 Bb7 25. Rc5 Rad8 26. Ng5 h6 27. Nf3 Re3
28. Bxb5 axb5 29. Rbxb5 Ba8 30. Rxd5 Rde8 31. Rd2 Na7 32. Ra5 Bxf3 33. Rxa7 Be4
34. Kh2 Bxf5 35. Rf2 Be6 36. Rb7 Rb3 37. Ra7 Reb8 38. Raa2 Rb1 39. Rad2 Ra1 40.
Rb2 Rxb2 41. Rxb2 Ra2 42. Rb8+ Kh7 43. Rd8 Kg6 44. Kg3 Kf5 45. Kf3 Ke5 46. g4
g5 47. Rd3 Bd5+ 48. Ke3 Rh2 49. Rd1 Rh1 50. Rxh1 Bxh1 51. Kf2 Kf4 52. Kg1 Kg3
53. Kxh1 Kxh3 54. Kg1 Kxg4 55. Kg2 Kf4 56. Kh2 Kf3 57. Kg1 Ke2 0-1

[Event "4NCL Division 3 North"]
[Site "Bolton, ENG"]
[Date "2019.05.05"]
[Round "10.54"]
[White "Hilton, Tim"]
[Black "Lamb, Ian"]
[Result "1-0"]
[WhiteElo "1960"]
[BlackElo "1690"]
[PlyCount "95"]
[EventDate "2019.05.05"]
[WhiteTeam "Manchester Manticores 3"]
[BlackTeam "Bolton & Worsley"]

1. Nf3 Nf6 2. c4 e6 3. g3 d5 4. Bg2 Be7 5. O-O O-O 6. b3 c5 7. Bb2 Nc6 8. e3
Qc7 9. Nc3 a6 10. cxd5 exd5 11. d4 cxd4 12. Nxd4 Nxd4 13. Qxd4 Bc5 14. Qd3 Re8
15. Na4 Be7 16. Rac1 Qd6 17. Bd4 Bd7 18. Nb6 Bb5 19. Qf5 Bxf1 20. Bxf1 Nd7 21.
Nxa8 Rxa8 22. Bh3 Rd8 23. Bg2 Bf6 24. Qxd5 Qxd5 25. Bxd5 Bxd4 26. exd4 b6 27.
Bb7 a5 28. Rc8 Rxc8 29. Bxc8 Nf6 30. Bb7 Kf8 31. Kf1 Ke7 32. Ke2 Kd6 33. a3 h6
34. Kd3 b5 35. a4 Kc7 36. Ba6 b4 37. Bc4 Kd6 38. Bxf7 g5 39. f3 Kc6 40. Kc4 Kb6
41. Bg6 Kc6 42. d5+ Kb6 43. f4 gxf4 44. gxf4 Nd7 45. f5 Nf6 46. Kd4 Nd7 47. Be8
Nf6 48. Bc6 1-0

[Event "4NCL Division 3 North"]
[Site "Bolton, ENG"]
[Date "2019.05.05"]
[Round "10.55"]
[White "Moan, Francis E"]
[Black "Lonsdale, Jon I"]
[Result "1-0"]
[WhiteElo "1697"]
[BlackElo "1832"]
[PlyCount "89"]
[EventDate "2019.05.05"]
[WhiteTeam "Bolton & Worsley"]
[BlackTeam "Manchester Manticores 3"]

1. d4 Nf6 2. c4 c5 3. d5 b5 4. cxb5 a6 5. b6 Qxb6 6. Nc3 d6 7. g3 g6 8. Bg2 Bg7
9. Nf3 O-O 10. O-O Nbd7 11. Qc2 Rb8 12. e4 a5 13. h3 Ba6 14. Re1 Ne8 15. Na4
Qb7 16. Bd2 Nb6 17. Bc3 Nxa4 18. Bxg7 Kxg7 19. Qxa4 Qb4 20. Qd1 Qxb2 21. e5 Rb7
22. Qa4 Qb4 23. Qc2 Qb2 24. Qe4 Qa3 25. Qh4 Qb4 26. Re4 Qb2 27. Rae1 Qxa2 28.
exd6 Nxd6 29. Re5 h6 30. g4 Bc4 31. Rxe7 Bxd5 32. Rxb7 Nxb7 33. Qe7 Qb2 34. Ne5
Bxg2 35. Kxg2 c4 36. Nd7 Rc8 37. Re5 Qb3 38. Qf6+ Kg8 39. Qh4 Kg7 40. Qf6+ Kg8
41. Qf4 Kg7 42. h4 Rc6 43. g5 hxg5 44. hxg5 Re6 45. Qh4 1-0

[Event "4NCL Division 3 North"]
[Site "Bolton, ENG"]
[Date "2019.05.05"]
[Round "10.56"]
[White "Potter, Steven"]
[Black "Skipworth, John C"]
[Result "1-0"]
[WhiteElo "1877"]
[BlackElo "1457"]
[PlyCount "59"]
[EventDate "2019.05.05"]
[WhiteTeam "Manchester Manticores 3"]
[BlackTeam "Bolton & Worsley"]

1. d4 Nf6 2. Bg5 g6 3. Bxf6 exf6 4. e3 Nc6 5. Nf3 Bg7 6. c3 O-O 7. Bd3 d6 8.
Nbd2 Bg4 9. h3 Bd7 10. Qc2 Re8 11. h4 Bg4 12. O-O-O Qd7 13. Rde1 a6 14. Nh2 b5
15. f3 Be6 16. g4 f5 17. h5 fxg4 18. hxg6 fxg6 19. Nxg4 Ne7 20. Reg1 Rf8 21.
Nh6+ Kh8 22. e4 c5 23. d5 Bf7 24. Nxf7+ Rxf7 25. e5 dxe5 26. Bxg6 Nxg6 27. Qxg6
Kg8 28. Rxh7 Ra7 29. Ne4 Qf5 30. Rxg7+ 1-0

[Event "4NCL Division 3 North"]
[Site "Bolton, ENG"]
[Date "2019.05.05"]
[Round "10.61"]
[White "Livesey, R Nigel"]
[Black "Hodge, Steve R"]
[Result "0-1"]
[WhiteElo "1825"]
[BlackElo "1991"]
[PlyCount "54"]
[EventDate "2019.05.05"]
[WhiteTeam "Manchester Manticores 4"]
[BlackTeam "Jorvik"]

1. c4 f5 2. Nf3 Nf6 3. g3 g6 4. Bg2 Bg7 5. Nc3 O-O 6. O-O d6 7. c5 c6 8. cxd6
exd6 9. d4 Qe7 10. Bf4 h6 11. Qd3 g5 12. Bd2 Na6 13. a3 Nc7 14. b4 Bd7 15. Rab1
Rae8 16. Rbe1 Ne4 17. e3 Qf7 18. Qc2 Be6 19. Rb1 Qh5 20. a4 Nxc3 21. Bxc3 f4
22. exf4 gxf4 23. Rbe1 Bd5 24. Nh4 Bxg2 25. Kxg2 Nd5 26. Nf3 fxg3 27. fxg3 Rxe1
0-1

[Event "4NCL Division 3 North"]
[Site "Bolton, ENG"]
[Date "2019.05.05"]
[Round "10.62"]
[White "Carpenter, James M"]
[Black "Gawne, Martin"]
[Result "1-0"]
[WhiteElo "1976"]
[BlackElo "1825"]
[PlyCount "43"]
[EventDate "2019.05.05"]
[WhiteTeam "Jorvik"]
[BlackTeam "Manchester Manticores 4"]

1. e4 e5 2. Nf3 Nc6 3. Bb5 Nf6 4. d3 Bc5 5. O-O d6 6. h3 Bd7 7. c3 a6 8. Ba4 b5
9. Bc2 h6 10. a4 O-O 11. b4 Bb6 12. Bb3 Qe7 13. axb5 axb5 14. Rxa8 Rxa8 15. Na3
Nd8 16. Re1 c6 17. Nc2 Kh7 18. d4 c5 19. bxc5 dxc5 20. dxe5 Nxe4 21. Bd5 Nxc3
22. Qd3+ 1-0

[Event "4NCL Division 3 North"]
[Site "Bolton, ENG"]
[Date "2019.05.05"]
[Round "10.63"]
[White "Jones, Neil T"]
[Black "Cowan, Richard M"]
[Result "0-1"]
[WhiteElo "1840"]
[BlackElo "1912"]
[PlyCount "54"]
[EventDate "2019.05.05"]
[WhiteTeam "Manchester Manticores 4"]
[BlackTeam "Jorvik"]

1. e4 g6 2. d4 Bg7 3. Nf3 d6 4. Bc4 Nf6 5. Qe2 O-O 6. e5 dxe5 7. dxe5 Nd5 8.
O-O Bg4 9. Qe4 Bxf3 10. gxf3 e6 11. Nd2 Qg5+ 12. Kh1 Bxe5 13. Nb3 Qh5 14. f4
Bg7 15. Be2 Qf5 16. Qc4 Nc6 17. c3 Rad8 18. Be3 Qh3 19. Qe4 Nf6 20. Qf3 Qf5 21.
Rg1 Ne4 22. Rad1 Rd6 23. Rxd6 cxd6 24. Rd1 d5 25. Bd3 Ne5 26. Bxe4 dxe4 27. Qe2
Nf3 0-1

[Event "4NCL Division 3 North"]
[Site "Bolton, ENG"]
[Date "2019.05.05"]
[Round "10.64"]
[White "Anderson, Paul W"]
[Black "Norris, Michael J"]
[Result "1/2-1/2"]
[WhiteElo "1757"]
[BlackElo "1810"]
[PlyCount "67"]
[EventDate "2019.05.05"]
[WhiteTeam "Jorvik"]
[BlackTeam "Manchester Manticores 4"]

1. c4 Nf6 2. Nc3 c6 3. Nf3 d5 4. e3 Bg4 5. cxd5 Bxf3 6. Qxf3 cxd5 7. Bb5+ Nc6
8. O-O e6 9. d4 Be7 10. Bd3 O-O 11. a3 a6 12. b4 b5 13. Bb2 Rc8 14. Nb1 Qb6 15.
Qe2 Nd7 16. Nd2 f5 17. Nb3 Bf6 18. Rfc1 Ne7 19. Nc5 Nxc5 20. dxc5 Qc6 21. Bxf6
Rxf6 22. a4 bxa4 23. Bxa6 Rb8 24. b5 Qe8 25. Rxa4 e5 26. Rca1 Qd8 27. Qc2 Kf7
28. c6 Qc7 29. Rc1 Rb6 30. Qd2 Kg6 31. g3 Rd6 32. Qe2 h6 33. h4 h5 34. Raa1
1/2-1/2

[Event "4NCL Division 3 North"]
[Site "Bolton, ENG"]
[Date "2019.05.05"]
[Round "10.65"]
[White "Pardoe, David"]
[Black "Pearce, Neville R"]
[Result "1-0"]
[WhiteElo "1742"]
[BlackElo "1642"]
[PlyCount "77"]
[EventDate "2019.05.05"]
[WhiteTeam "Manchester Manticores 4"]
[BlackTeam "Jorvik"]

1. d4 Nf6 2. c4 c5 3. d5 e6 4. Nc3 exd5 5. cxd5 d6 6. e4 g6 7. Be2 Bg7 8. Be3
a6 9. h3 b5 10. Qc2 Nbd7 11. Nf3 Bb7 12. g4 Qe7 13. g5 Ng8 14. Nh2 f6 15. h4
Ne5 16. f4 Nf7 17. Bg4 f5 18. Bf3 b4 19. Nd1 Bc8 20. Kf2 fxe4 21. Bxe4 Qd8 22.
Re1 Ne7 23. Nf3 O-O 24. Kg2 Qd7 25. Nf2 Nd8 26. h5 Nf5 27. hxg6 hxg6 28. Re2 a5
29. Rh1 Qf7 30. Bc1 Nd4 31. Nxd4 Bxd4 32. Bxg6 Qxd5+ 33. Be4 Qf7 34. Bxa8 d5
35. Rh6 Bf5 36. Qa4 Ne6 37. Qc6 Nc7 38. Bb7 Rb8 39. g6 1-0

[Event "4NCL Division 3 North"]
[Site "Bolton, ENG"]
[Date "2019.05.05"]
[Round "10.66"]
[White "Andrews, Norman G"]
[Black "Wilson, Jeff"]
[Result "1/2-1/2"]
[WhiteElo "1609"]
[BlackElo "1427"]
[PlyCount "90"]
[EventDate "2019.05.05"]
[WhiteTeam "Jorvik"]
[BlackTeam "Manchester Manticores 4"]

1. e4 e5 2. Nf3 Nc6 3. d4 exd4 4. Bc4 h6 5. O-O Bc5 6. c3 dxc3 7. Nxc3 Na5 8.
Bxf7+ Kxf7 9. Qd5+ Ke8 10. Qxc5 Nc6 11. Qh5+ Kf8 12. Be3 Nf6 13. Qc5+ d6 14.
Qa3 Kg8 15. h3 Kh7 16. Rfd1 Qe8 17. Nd5 Nxd5 18. exd5 Ne5 19. Nxe5 Qxe5 20.
Rac1 Qe7 21. Qd3+ g6 22. Qc3 Re8 23. Qxc7 Bf5 24. Re1 Rac8 25. Qxe7+ Rxe7 26.
Rxc8 Bxc8 27. Rc1 Bf5 28. Bxa7 Bd3 29. Bb8 Rd7 30. f3 g5 31. b3 Kg6 32. Kf2 Kf6
33. Re1 Re7 34. Bxd6 Rxe1 35. Kxe1 Bb1 36. a3 Ba2 37. Bc7 Bxb3 38. d6 Ba4 39.
Ke2 Ke6 40. Ke3 h5 41. f4 Kf5 42. g3 g4 43. h4 Bc6 44. Kd4 Bd7 45. Kd5 Bc6+
1/2-1/2

[Event "4NCL Division 3 North"]
[Site "Bolton, ENG"]
[Date "2019.05.06"]
[Round "11.11"]
[White "Weller, Jean-Luc"]
[Black "Rawlinson, Aidan M"]
[Result "1-0"]
[WhiteElo "2241"]
[BlackElo "2177"]
[PlyCount "103"]
[EventDate "2019.05.06"]
[WhiteTeam "White Rose 2"]
[BlackTeam "Manchester Manticores 2"]

1. d4 g6 2. e4 Bg7 3. Nc3 d6 4. Be3 a6 5. Qd2 b5 6. f3 Nd7 7. a4 b4 8. Nd5 c5
9. c3 bxc3 10. bxc3 Bb7 11. Bc4 e6 12. Nf4 Qa5 13. Nge2 Rc8 14. Rb1 Ba8 15.
dxc5 dxc5 16. O-O Ngf6 17. Qa2 O-O 18. Bxe6 fxe6 19. Nxe6 Kh8 20. Nxf8 Rxf8 21.
Nf4 Qxc3 22. Bc1 Bxe4 23. fxe4 Nxe4 24. Qe2 Qd4+ 25. Be3 Nc3 26. Bxd4 Bxd4+ 27.
Kh1 Nxe2 28. Nxe2 Rxf1+ 29. Rxf1 Nb6 30. Nxd4 cxd4 31. Rd1 Nxa4 32. Rxd4 Nc5
33. Rc4 Ne6 34. Rc6 Nd4 35. Rxa6 Kg7 36. Kg1 Nf5 37. Kf2 Nh6 38. Kf3 Nf7 39.
Kf4 Nh6 40. h3 Nf7 41. Ke4 Ng5+ 42. Ke5 Nf7+ 43. Ke6 Ng5+ 44. Ke7 Ne4 45. Ra7
h5 46. Ke6+ Kh6 47. Ke5 Ng3 48. Ra3 Nf5 49. Kf6 Nd6 50. Re3 Kh7 51. Re6 Nf5 52.
Kg5 1-0

[Event "4NCL Division 3 North"]
[Site "Bolton, ENG"]
[Date "2019.05.06"]
[Round "11.12"]
[White "Celinski, Kamil"]
[Black "Wall, Tim P"]
[Result "0-1"]
[WhiteElo "2177"]
[BlackElo "2241"]
[PlyCount "74"]
[EventDate "2019.05.06"]
[WhiteTeam "Manchester Manticores 2"]
[BlackTeam "White Rose 2"]

1. c4 b6 2. Nc3 Bb7 3. e4 e6 4. d4 Bb4 5. e5 f5 6. Nf3 Ne7 7. Be2 O-O 8. O-O
Ng6 9. d5 Na6 10. dxe6 Bxc3 11. bxc3 dxe6 12. Qe1 Qd7 13. h4 Qc6 14. Bd1 Nc5
15. h5 Nd3 16. Qe3 Ngxe5 17. Nh4 Qxc4 18. f4 Ng4 19. Bxg4 fxg4 20. Qg3 Nxc1 21.
Raxc1 Qc5+ 22. Kh1 Qxh5 23. Rce1 Rad8 24. Re5 Rf5 25. Rfe1 Rd3 26. Qxd3 Qxh4+
27. Kg1 g3 28. R5e4 Qh2+ 29. Kf1 Rxf4+ 30. Ke2 Rxe4+ 31. Kd1 Rxe1+ 32. Kxe1
Qg1+ 33. Kd2 Qxg2+ 34. Kc1 Bd5 35. Qb5 Qg1+ 36. Kd2 Qf2+ 37. Kc1 g2 0-1

[Event "4NCL Division 3 North"]
[Site "Bolton, ENG"]
[Date "2019.05.06"]
[Round "11.13"]
[White "Arnott, Jonathan W"]
[Black "Lyth, John D"]
[Result "0-1"]
[WhiteElo "2139"]
[BlackElo "2042"]
[PlyCount "60"]
[EventDate "2019.05.06"]
[WhiteTeam "White Rose 2"]
[BlackTeam "Manchester Manticores 2"]

1. d4 d5 2. c4 c6 3. Nf3 Nf6 4. cxd5 cxd5 5. Nc3 Nc6 6. Bf4 Bf5 7. e3 e6 8. Qb3
Bb4 9. Ne5 Qa5 10. Nxc6 bxc6 11. f3 O-O 12. h4 c5 13. a3 Bxc3+ 14. bxc3 h5 15.
Bd6 Rfc8 16. Bxc5 Rab8 17. Bb4 Qc7 18. Ba6 Qg3+ 19. Kf1 Rc6 20. Qa4 Rcb6 21.
Ra2 e5 22. Re2 Bd7 23. Qa5 Rxa6 24. Qxa6 Bb5 25. Qxa7 Bxe2+ 26. Kxe2 Qxg2+ 27.
Kd3 e4+ 28. fxe4 dxe4+ 29. Kc4 Qa2+ 30. Kc5 Qd5# 0-1

[Event "4NCL Division 3 North"]
[Site "Bolton, ENG"]
[Date "2019.05.06"]
[Round "11.14"]
[White "Dobson, Graham"]
[Black "Gayson, Peter M"]
[Result "1-0"]
[WhiteElo "2012"]
[BlackElo "2125"]
[PlyCount "51"]
[EventDate "2019.05.06"]
[WhiteTeam "Manchester Manticores 2"]
[BlackTeam "White Rose 2"]

1. g3 f5 2. Bg2 e5 3. d3 Nf6 4. e4 d5 5. exd5 Nxd5 6. Qe2 Nc6 7. f4 Bc5 8. Nf3
O-O 9. fxe5 f4 10. c3 Bg4 11. d4 Bxd4 12. cxd4 Nxd4 13. Qe4 Bxf3 14. Bxf3 Nb4
15. O-O fxg3 16. Nc3 Nbc2 17. Rb1 Rxf3 18. Rxf3 gxh2+ 19. Kh1 Nxf3 20. Qxf3 Qh4
21. Qe4 Qf2 22. Bg5 Rf8 23. e6 Qg3 24. e7 Re8 25. Qc4+ Kh8 26. Qf7 1-0

[Event "4NCL Division 3 North"]
[Site "Bolton, ENG"]
[Date "2019.05.06"]
[Round "11.15"]
[White "Burnett, Jim"]
[Black "Newton, Robert A"]
[Result "1-0"]
[WhiteElo "2117"]
[BlackElo "2035"]
[PlyCount "135"]
[EventDate "2019.05.06"]
[WhiteTeam "White Rose 2"]
[BlackTeam "Manchester Manticores 2"]

1. d4 g6 2. Nf3 d6 3. g3 Bg7 4. Bg2 c6 5. O-O Nd7 6. c4 Qc7 7. Nc3 Ngf6 8. e4
O-O 9. h3 Re8 10. Re1 e5 11. Be3 b6 12. Rc1 h6 13. Qc2 Bb7 14. d5 c5 15. Bf1
Rad8 16. Rb1 Bc8 17. Kh2 a6 18. Nd2 Kh8 19. b4 Rf8 20. bxc5 bxc5 21. Bd3 Ng8
22. f3 Rde8 23. Kg2 Ne7 24. Bf2 Nf6 25. Na4 Nd7 26. Nb3 f5 27. Qc3 fxe4 28.
fxe4 Nf6 29. Qa5 Qd7 30. Rh1 Neg8 31. Rb2 Nh7 32. Nb6 Qf7 33. Nxc8 Qf3+ 34. Kh2
Rxc8 35. Qd2 Ng5 36. Qe2 Qf7 37. Kg2 Rb8 38. Rbb1 Nf6 39. Nd2 Rxb1 40. Bxb1 Nh5
41. h4 Nh7 42. Bc2 Qd7 43. Rb1 N7f6 44. Bd1 Ng8 45. Qg4 Qf7 46. Be3 Re8 47. Ba4
Re7 48. Qc8 Rc7 49. Qe8 Bf8 50. Qxf7 Rxf7 51. Be8 Rg7 52. Rb6 Nhf6 53. Bc6 Ng4
54. Bg1 g5 55. hxg5 hxg5 56. Rxa6 N4f6 57. Ra8 Rf7 58. a4 g4 59. Be3 Kg7 60. a5
Ne7 61. Ra7 Kg6 62. a6 Nxc6 63. Rxf7 Kxf7 64. dxc6 Ne8 65. a7 Nc7 66. Nf1 Kg6
67. Bd2 d5 68. Ba5 1-0

[Event "4NCL Division 3 North"]
[Site "Bolton, ENG"]
[Date "2019.05.06"]
[Round "11.16"]
[White "Hymer, Barry"]
[Black "Shaw, Peter"]
[Result "1-0"]
[WhiteElo "2042"]
[BlackElo "2096"]
[PlyCount "53"]
[EventDate "2019.05.06"]
[WhiteTeam "Manchester Manticores 2"]
[BlackTeam "White Rose 2"]

1. Nf3 f5 2. d3 d6 3. e4 e5 4. Nc3 Nf6 5. exf5 Bxf5 6. d4 e4 7. Nh4 Bg4 8. Be2
Bd7 9. Bh5+ g6 10. Nxg6 hxg6 11. Bxg6+ Ke7 12. Bg5 Bg7 13. Nxe4 d5 14. Qf3 dxe4
15. Qa3+ Ke6 16. Qb3+ Ke7 17. Qb4+ Ke6 18. Qc4+ Nd5 19. Bxd8 Rxd8 20. Bxe4 c6
21. O-O-O Kf7 22. Bxd5+ cxd5 23. Qxd5+ Kf8 24. Rd3 Bf6 25. Rf3 Kg7 26. Rg3+ Kh6
27. Qd6 1-0

[Event "4NCL Division 3 North"]
[Site "Bolton, ENG"]
[Date "2019.05.06"]
[Round "11.21"]
[White "Lea, Daniel J"]
[Black "Rutter, Nick J"]
[Result "1/2-1/2"]
[WhiteElo "2102"]
[BlackElo "2297"]
[PlyCount "72"]
[EventDate "2019.05.06"]
[WhiteTeam "3Cs 2"]
[BlackTeam "Shropshire 1"]

1. d4 d5 2. c4 c6 3. Nf3 Nf6 4. Nc3 e6 5. cxd5 exd5 6. Qc2 Be7 7. Bg5 h6 8. Bh4
O-O 9. e3 Re8 10. Bd3 b6 11. O-O Bb7 12. Rfd1 Nbd7 13. a3 Rc8 14. Qe2 Ne4 15.
Bxe7 Qxe7 16. Ba6 Nxc3 17. bxc3 Bxa6 18. Qxa6 Nf6 19. a4 Ne4 20. Rdc1 c5 21.
Qd3 Rc7 22. Nd2 Rec8 23. Nxe4 dxe4 24. Qd2 Qd7 25. h3 Rc6 26. Qd1 Kh7 27. Kh1
Qf5 28. Qd2 Rf6 29. Kg1 Rg6 30. Kh2 Rcc6 31. Rc2 Qg5 32. Rg1 Rcf6 33. g3 c4 34.
Qe2 Qd5 35. Rb2 Rc6 36. Rb5 Qd6 1/2-1/2

[Event "4NCL Division 3 North"]
[Site "Bolton, ENG"]
[Date "2019.05.06"]
[Round "11.22"]
[White "Whyte, Brian G"]
[Black "Bentley, John L"]
[Result "1/2-1/2"]
[WhiteElo "2072"]
[BlackElo "2142"]
[PlyCount "80"]
[EventDate "2019.05.06"]
[WhiteTeam "Shropshire 1"]
[BlackTeam "3Cs 2"]

1. c4 Nf6 2. g3 g6 3. b3 Bg7 4. Bb2 O-O 5. Bg2 d5 6. cxd5 Nxd5 7. Bxg7 Kxg7 8.
Nf3 c5 9. d4 Qa5+ 10. Qd2 Qxd2+ 11. Nbxd2 cxd4 12. Nxd4 Rd8 13. Rc1 Na6 14.
N2f3 f6 15. a3 e5 16. Nb5 Bd7 17. a4 Bxb5 18. axb5 Nab4 19. O-O Rac8 20. Rfd1
Rxc1 21. Rxc1 Rd7 22. Bh3 Rc7 23. Rc4 Rxc4 24. bxc4 Nc7 25. Bc8 b6 26. Kf1 Nc2
27. e3 Kf7 28. Ke2 Nb4 29. Kd2 Ke7 30. Kc3 a5 31. bxa6 Nbxa6 32. Bxa6 Nxa6 33.
Nd2 Nc5 34. f3 f5 35. Nb3 Kd6 36. Nxc5 Kxc5 37. e4 fxe4 38. fxe4 Kd6 39. Kb4
Kc6 40. Kb3 Kc5 1/2-1/2

[Event "4NCL Division 3 North"]
[Site "Bolton, ENG"]
[Date "2019.05.06"]
[Round "11.23"]
[White "Burke, Mitchell R"]
[Black "Higgie, Charles L"]
[Result "1/2-1/2"]
[WhiteElo "2027"]
[BlackElo "2005"]
[PlyCount "47"]
[EventDate "2019.05.06"]
[WhiteTeam "3Cs 2"]
[BlackTeam "Shropshire 1"]

1. e4 c5 2. Nc3 Nc6 3. f4 g6 4. Nf3 Bg7 5. Bb5 Nd4 6. O-O Nxb5 7. Nxb5 a6 8.
Nc3 e6 9. e5 d5 10. d4 cxd4 11. Ne2 Ne7 12. Nexd4 O-O 13. Be3 f6 14. exf6 Bxf6
15. Qd2 Nc6 16. c3 Qd6 17. Rae1 Bd7 18. Kh1 Bg7 19. Nb3 Rf6 20. Kg1 Kh8 21. Rf2
Re8 22. Rfe2 h6 23. Nbd4 Kh7 24. Qc2 1/2-1/2

[Event "4NCL Division 3 North"]
[Site "Bolton, ENG"]
[Date "2019.05.06"]
[Round "11.24"]
[White "Bryant, Richard B E"]
[Black "Hazlehurst, Cory S"]
[Result "1-0"]
[WhiteElo "1967"]
[BlackElo "2042"]
[PlyCount "145"]
[EventDate "2019.05.06"]
[WhiteTeam "Shropshire 1"]
[BlackTeam "3Cs 2"]

1. e4 c6 2. Nc3 d5 3. Qf3 dxe4 4. Nxe4 Nf6 5. Bc4 e6 6. Ne2 Nbd7 7. d4 Nxe4 8.
Qxe4 Nf6 9. Qf3 Be7 10. O-O O-O 11. c3 Qd7 12. Nf4 b6 13. Re1 Qc7 14. Nd3 Bb7
15. Qh3 c5 16. dxc5 Bxc5 17. Nxc5 Qxc5 18. Bb3 Rfd8 19. Be3 Qc6 20. Bc2 Rd5 21.
f3 Rad8 22. Qg3 Nh5 23. Qh4 Nf6 24. Rac1 Ba6 25. Bd4 Rh5 26. Qg3 Ne8 27. Qg4
Qd5 28. f4 Rh6 29. f5 Bc8 30. Qg3 Qxa2 31. Bxg7 Nxg7 32. Qg5 Qd5 33. Qxh6 Bb7
34. Be4 Qc5+ 35. Kh1 Bxe4 36. Rxe4 Qxf5 37. Rd4 Rd5 38. Qd2 Rxd4 39. cxd4 Ne8
40. Qe1 a5 41. h3 Kf8 42. Qh4 h5 43. Kg1 a4 44. Qe1 Qd3 45. Qb4+ Kg7 46. Rc8
Qd1+ 47. Kh2 Qf1 48. Qd2 Nf6 49. Qg5+ Kh7 50. Rc7 Nd5 51. Qxh5+ Kg7 52. Qe5+
Kg6 53. Rc8 Qf4+ 54. Qxf4 Nxf4 55. Ra8 Nd3 56. Rxa4 Nxb2 57. Rb4 Nd3 58. Rxb6
Nf4 59. g3 Nd5 60. Rb7 Kg7 61. Kg2 Kg6 62. Kf3 Kg7 63. h4 Kg6 64. Rb5 Nf6 65.
Rg5+ Kh6 66. g4 Kh7 67. Ra5 Kg7 68. Kf4 Ng8 69. h5 Nf6 70. h6+ Kh7 71. g5 Ng8
72. Ra7 Kg6 73. Rb7 1-0

[Event "4NCL Division 3 North"]
[Site "Bolton, ENG"]
[Date "2019.05.06"]
[Round "11.25"]
[White "Ye, Kevin"]
[Black "Gostelow, David W"]
[Result "1/2-1/2"]
[WhiteElo "1990"]
[BlackElo "1922"]
[PlyCount "42"]
[EventDate "2019.05.06"]
[WhiteTeam "3Cs 2"]
[BlackTeam "Shropshire 1"]

1. e4 c5 2. c3 Nf6 3. e5 Nd5 4. d4 cxd4 5. Nf3 Nc6 6. cxd4 d6 7. Bc4 e6 8. O-O
Be7 9. Re1 O-O 10. Nbd2 Rb8 11. Ne4 b5 12. Bd3 dxe5 13. dxe5 Ndb4 14. Bb1 Qxd1
15. Rxd1 Bb7 16. a3 Nd5 17. Ba2 Na5 18. b4 Nc4 19. Ned2 Nc3 20. Re1 Nxa2 21.
Rxa2 Bd5 1/2-1/2

[Event "4NCL Division 3 North"]
[Site "Bolton, ENG"]
[Date "2019.05.06"]
[Round "11.26"]
[White "Bennion, David"]
[Black "Gittens, Nathan L"]
[Result "0-1"]
[WhiteElo "1930"]
[BlackElo "1975"]
[PlyCount "54"]
[EventDate "2019.05.06"]
[WhiteTeam "Shropshire 1"]
[BlackTeam "3Cs 2"]

1. d4 d5 2. c4 e6 3. Nc3 Bb4 4. Qc2 dxc4 5. Nf3 b5 6. Bg5 Nf6 7. O-O-O Bxc3 8.
bxc3 Bb7 9. d5 Qe7 10. e4 e5 11. Nh4 h6 12. d6 Qe6 13. Nf5 O-O 14. Bxf6 Qxf6
15. dxc7 Na6 16. Rd6 Qg5+ 17. Kb2 Nxc7 18. g3 Rad8 19. f4 exf4 20. Bh3 Qh5 21.
Rhd1 Rde8 22. Nxg7 Kxg7 23. Bf5 Ne6 24. gxf4 Nxf4 25. Qd2 Nd3+ 26. Ka3 Re6 27.
Bxe6 Qc5# 0-1

[Event "4NCL Division 3 North"]
[Site "Bolton, ENG"]
[Date "2019.05.06"]
[Round "11.31"]
[White "Webster, Richard J"]
[Black "Boswell, Jacob Connor"]
[Result "1/2-1/2"]
[WhiteElo "1997"]
[BlackElo "2095"]
[PlyCount "80"]
[EventDate "2019.05.06"]
[WhiteTeam "Manchester Manticores 3"]
[BlackTeam "Cheddleton 2"]

1. d4 Nf6 2. c4 e6 3. Nf3 d5 4. Nc3 dxc4 5. e3 a6 6. a4 Nc6 7. Bxc4 Be7 8. O-O
O-O 9. Qe2 Na5 10. Ba2 b5 11. Nd2 b4 12. Nce4 Bb7 13. Nxf6+ Bxf6 14. Bb1 g6 15.
Be4 Bd5 16. Bxd5 Qxd5 17. Qf3 Qxf3 18. Nxf3 Nb3 19. Rb1 c5 20. dxc5 Rfd8 21. e4
Nxc5 22. e5 Be7 23. Ra1 Rd5 24. Be3 Nd3 25. b3 Nxe5 26. Nxe5 Rxe5 27. Rac1 Bg5
28. Bxg5 Rxg5 29. Rc4 a5 30. Rd1 h5 31. Rd7 Re8 32. Kf1 Kg7 33. Rcc7 Rf8 34.
Ra7 Rf5 35. Rac7 Kf6 36. Ke2 Kg5 37. f3 Re5+ 38. Kf2 f5 39. h4+ Kf6 40. f4 Rd5
1/2-1/2

[Event "4NCL Division 3 North"]
[Site "Bolton, ENG"]
[Date "2019.05.06"]
[Round "11.32"]
[White "Richardson, Alex"]
[Black "Reed, John"]
[Result "1/2-1/2"]
[WhiteElo "2131"]
[BlackElo "1990"]
[PlyCount "120"]
[EventDate "2019.05.06"]
[WhiteTeam "Cheddleton 2"]
[BlackTeam "Manchester Manticores 3"]

1. c4 Nf6 2. Nc3 d6 3. d4 e5 4. Nf3 e4 5. Ng5 Qe7 6. Qc2 Nc6 7. e3 Bf5 8. h4 g6
9. Be2 h6 10. Nh3 Bg7 11. Nd5 Qd8 12. Nxf6+ Bxf6 13. g4 Bd7 14. Qxe4+ Kf8 15.
h5 Qe7 16. Qxe7+ Nxe7 17. hxg6 fxg6 18. Nf4 Kg7 19. Bd2 Rhf8 20. Rc1 Rae8 21.
b4 Bg5 22. Nh3 Bh4 23. Nf4 Bg5 24. Nd3 Ng8 25. f4 Bd8 26. Nf2 Nf6 27. Bf3 c6
28. Rg1 Bb6 29. c5 dxc5 30. dxc5 Bc7 31. g5 hxg5 32. fxg5 Nh5 33. Bxh5 gxh5 34.
Rc4 Be6 35. Rh4 Kg6 36. e4 Rf3 37. Rgh1 Bg3 38. Rxh5 Rxf2 39. Rh6+ Kf7 40. Rh7+
Kf8 41. g6 Rh2+ 42. Kd1 Rxh1+ 43. Rxh1 Be5 44. Bh6+ Bg7 45. Bxg7+ Kxg7 46. Rh7+
Kxg6 47. Rxb7 Bxa2 48. Rc7 Re6 49. Kd2 Bc4 50. Kc3 Bb5 51. Kd4 a6 52. Rd7 Kf6
53. Rh7 Re7 54. Rh6+ Kf7 55. Rh7+ Ke8 56. Rh8+ Kd7 57. Rh6 Rg7 58. Ke5 Re7+ 59.
Kd4 Rg7 60. Ke5 Re7+ 1/2-1/2